000 01647nam a2200253Ia 4500
999 _c36276
_d36276
001 2183
003 GE_BSU
005 20190508120345.0
008 181216s||||||||xx |||||||||||||| ||und||
020 _a99940134332
040 _cGE_BSU
041 _ageo
080 _a34(479.22)(09) კ–18
100 _aკალანდია, აპოლონ
_9918
245 _cაპოლონ კალანდია ; რედ.: გიორგი ნადარეიშვილი; საქ. მეცნ. აკად., სახ. და სამართლის ინ-ტი.
_aქართული სამართლის ისტორიის საკითხები ანტიკურ-ადრებიზანტიური ხანის წერილობითი წყაროების მიხედვით = Вопросы истории грузинского права по письменным источникам антично-ранневизантийского периода /
264 _aთბილისი :
_bსახ. უნ-ტის გამ-ბა,
_c2002.
300 _a 242 გვ.
_b19 სმ.
653 _aქართული სამართლის ისტორია
653 _aანტიკური წყაროები
653 _aბიზანტიური წყაროები
700 _aნადარეიშვილი, გიორგი
_eრედაქტორი
_9919
710 _aსაქ. მეცნ. აკად., სახ. და სამართლის ინ-ტი.
_9920
942 _cBK
_2udc